000
00346nam a2200145Ia 4500
008
240624s9999 xx 000 0 und d
041
_a
eng
082
_a
658.4013 BES
100
_a
BESTERFIELD DALE H
245
_a
QUALITY CONTROL
250
_a
(7th ed.)
260
_c
2011
_a
New Delhi
_b
Pearson
300
_a
532 : p. : cm. ; 24
365
_c
RS
999
_c
20520
_d
20520